| 000 | 00990naa a22002057a 4500 | ||
|---|---|---|---|
| 003 | BPK | ||
| 005 | 20180409111900.0 | ||
| 008 | 160308b1973 pl ||||| |||| 10| 0 pol | ||
| 040 | _cBPK | ||
| 080 | _a658.566 | ||
| 100 |
_aBIELAK, Janusz. _d1969 - 1996. _bWyższa Szkoła Inżynierska w Koszalinie - Wydział Budownictwa Lądowego, _cZespół Organizacji i Ekonomiki Budownictwa |
||
| 245 |
_aAnaliza wartości jako czynnik poprawy gospodarki materiałowej w Polsce / _cJanusz Bielak. |
||
| 260 | _c1973. | ||
| 500 | _aDane z kartoteki bpp. | ||
| 650 | 0 | _aGospodarka materiałowa. | |
| 655 | 0 | _aMateriały konferencyjne. | |
| 711 |
_aKonferencja Naukowa nt. Kierunki doskonalenia gospodarki materiałowej w przedsiębiorstwach przemysłowych i budownictwie _d(1973 ; _cKielce, Polska). |
||
| 773 |
_iW : _tKierunki doskonalenia gospodarki materiałowej w przedsiębiorstwach przemysłowych i budownictwie : Konferencja Naukowa. - _dKielce, 1973. - |
||
| 942 |
_cART _2UKD |
||
| 999 |
_c7507 _d7507 |
||